| 000 | 01684cam a2200325 a 4500 | ||
|---|---|---|---|
| 001 | 2320 | ||
| 005 | 20240719091032.0 | ||
| 020 | _a9780756625511 (hardcover) | ||
| 020 | _a0756625513 | ||
| 020 | _a9780756625504 | ||
| 020 | _a0756625505 | ||
| 040 |
_aDLC _cDLC _dBAKER _dCD5 _dBTCTA _dDLC _beng |
||
| 050 | 0 | 0 |
_aVM365 _b.L63 2007 |
| 082 | 0 | 0 |
_a623.82/05 _222 |
| 100 | 1 | _aLock, Deborah | |
| 245 | 1 | 0 |
_aSubmarines and submersibles / _cwritten by Deborah Lock |
| 250 | _aFirst American Edition, 2007 | ||
| 260 |
_aNew York : _bDK Publishing, _c2007 |
||
| 300 |
_a32 pages : _billustrations _c23 cm |
||
| 490 | 0 | _aDK readers. 1, Beginning to read | |
| 500 | _aIncludes index. | ||
| 505 | _aM | ||
| 520 | _a"Are you ready to dive deep under the sea? Make reading your superpower with DK's beautiful, leveled nonfiction. Use your reading superpowers to learn all about living and working deep under the surface of the ocean - a high-quality, fun, nonfiction reader - carefully leveled to help children progress. Submarines and Submersibles is a beautifully designed reader all about life and work under water. The engaging text has been carefully leveled using lexiles so that children are set up to succeed. A motivating introduction to using essential nonfiction reading skills. Children will love to find out about sharks and other sea animals, mysterious wrecks, and how some people live and work in the depths of the ocean." | ||
| 521 |
_a530
_bLexile |
||
| 521 |
_aM
_bRaz-Plus |
||
| 650 | 0 |
_aSubmarines (Ships) _vJuvenile literature. |
|
| 650 | 0 |
_aSubmersibles _vJuvenile literature. |
|
| 906 |
_a7 _bcbc _corignew _d1 _eecip _f20 _gy-gencatlg |
||
| 942 |
_2ddc _cBK _n0 |
||
| 999 |
_c2320 _d2320 |
||